000 00405nam a2200169Ia 4500
008 210210b1995 xxu||||| |||| 00| 0 eng d
020 _a81 85618 20 8
082 _a523.1 NARI
100 _aNARLIKAR (Jayant V).
245 _aIntroduction to cosmology. Ed.2
250 _a
260 _aND
_bManas Saikia
_c1995
300 _axi,415
650 _aCosmology
690 _aAstronomy
906 _a053535
999 _c101866
_d101866